000 00337pab a2200133 454500
008 180718b xxu||||| |||| 00| 0 eng d
100 _aChandra Jag Parvesh
245 _aA new approach to property tax
362 _a14 Jul 1994, p.13
650 _a Property Tax
650 _aHousing -- India
773 _aHindustan Times
909 _a27346
999 _c27346
_d27346